| 000 | 00607nam a22001697a 4500 | ||
|---|---|---|---|
| 003 | NUST | ||
| 038 | _aNusrat Nadeem | ||
| 082 | _a200 | ||
| 100 |
_aKakakhel, Syed Arif Ali Shah _9123465 |
||
| 245 |
_aDesign and Development of Auxetic Polymeric Textile Composites for Enhanced Impact Resistance/ _cSyed Arif Ali Shah Kakakhel |
||
| 264 |
_aIslamabad; _bSCME NUST; _c2023; |
||
| 300 |
_a164,p; _bill; _c30,cm. |
||
| 650 |
_aPhD-Materials Engineering _9123162 |
||
| 700 |
_aSupervisor: Prof. Dr. Muhammad Shahid _9123466 |
||
| 856 | _uhttp://10.250.8.41:8080/xmlui/handle/123456789/35646 | ||
| 942 |
_2ddc _cTHE |
||
| 999 |
_c609648 _d609648 |
||